The person : an introduction to science of personality psychology (Record no. 85699)
[ view plain ]
| 000 -LEADER | |
|---|---|
| fixed length control field | 00759 a2200241 4500 |
| 003 - CONTROL NUMBER IDENTIFIER | |
| control field | CBULib |
| 005 - DATE AND TIME OF LATEST TRANSACTION | |
| control field | 20250227121804.0 |
| 008 - FIXED-LENGTH DATA ELEMENTS--GENERAL INFORMATION | |
| fixed length control field | 241029b |||||||| |||| 00| 0 eng d |
| 020 ## - INTERNATIONAL STANDARD BOOK NUMBER | |
| International Standard Book Number | 9780470129135 |
| 040 ## - CATALOGING SOURCE | |
| Language of cataloging | English |
| Transcribing agency | CBULib |
| Description conventions | rda |
| 050 ## - LIBRARY OF CONGRESS CALL NUMBER | |
| Classification number | BF 698 Mca |
| 100 ## - MAIN ENTRY--PERSONAL NAME | |
| Personal name | McAdams, Dan P. |
| 245 ## - TITLE STATEMENT | |
| Title | The person : an introduction to science of personality psychology |
| Statement of responsibility, etc | / by Dan P. McAdams |
| 250 ## - EDITION STATEMENT | |
| Edition statement | Fifth edition. |
| 260 ## - PUBLICATION, DISTRIBUTION, ETC. (IMPRINT) | |
| Name of publisher, distributor, etc | Wiley : |
| Date of publication, distribution, etc | 2009 |
| Place of publication, distribution, etc | New Jersey, |
| 300 ## - PHYSICAL DESCRIPTION | |
| Extent | xxi, 598 pages : illustrations |
| 336 ## - CONTENT TYPE | |
| Source | rdacontent |
| Content type term | Text | |
| Content type code | txt |
| 337 ## - MEDIA TYPE | |
| Source | rdamedia |
| Media type term | Unmediated | |
| Media type code | n |
| 338 ## - CARRIER TYPE | |
| Source | rdacarrier |
| Carrier type term | Volume |
| Carrier type code | nc |
| 500 ## - GENERAL NOTE | |
| General note | Includes a bibliographical references, glossary and index |
| 650 #0 - SUBJECT ADDED ENTRY--TOPICAL TERM | |
| 9 (RLIN) | 307 |
| Topical term or geographic name as entry element | PERSONALITY |
| 942 ## - ADDED ENTRY ELEMENTS (KOHA) | |
| Source of classification or shelving scheme | |
| Koha item type | MONOGRAPH |
| Withdrawn status | Lost status | Source of classification or shelving scheme | Damaged status | Not for loan | Collection code | Permanent Location | Current Location | Shelving location | Date acquired | Source of acquisition | Full call number | Barcode | Date last seen | Price effective from | Koha item type | Cost, normal purchase price | Total Checkouts |
|---|---|---|---|---|---|---|---|---|---|---|---|---|---|---|---|---|---|
| CBU-Lusaka Campus | CBU- LUSAKA CAMPUS | CBU- LUSAKA CAMPUS | General Stacks | 10/29/2024 | BOOK AID INTERNATIONAL | BF 698 Mca | 753026 | 10/29/2024 | 10/29/2024 | MONOGRAPH | |||||||
| CBU-Lusaka Campus | CBU- LUSAKA CAMPUS | CBU- LUSAKA CAMPUS | General Stacks | 10/29/2024 | BOOK AID INTERNATIONAL | BF 698 Mca | 753027 | 10/29/2024 | 10/29/2024 | MONOGRAPH | |||||||
| Main Library Open Access Collection | CBU-MAIN LIBRARY, KITWE. | CBU-MAIN LIBRARY, KITWE. | General Stacks | 02/27/2025 | BOOK AID INTERNATIONAL | BF 698 Mca | 753486 | 02/27/2025 | 02/27/2025 | MONOGRAPH | 79.34 | ||||||
| Main Library Open Access Collection | CBU-MAIN LIBRARY, KITWE. | CBU-MAIN LIBRARY, KITWE. | General Stacks | 02/27/2025 | BOOK AID INTERNATIONAL | BF 698 Mca | 753485 | 02/27/2025 | 02/27/2025 | MONOGRAPH | 79.34 |